Survivor Immunity Challenge Winners - Statistics

General Stats
  • This quiz has been taken 588 times
    248 since last reset
  • The average score is 155 of 243
Answer Stats
Season (Amount Won) Player % Correct
Marquesas (1) Robert
95%
All Stars (4) | Heroes vs Villains (1) | Redemption Island (4) | The Amazon (1) Rob
94%
The Australian Outback (5) Colby
93%
Survivor 45 (1) Kellie
92%
Borneo (4) Kelly
92%
Africa (1) | All Stars (1) | Palau (5) Tom
92%
Edge of Extinction (1) | Vanuatu (3) Chris
90%
The Amazon (4) Jenna
89%
Samoa (1) John
89%
San Juan del Sur (1) Jon
89%
Africa (2) | One World (4) | Winners at War (1) Kim
89%
Cook Islands (5) | South Pacific (2) Ozzy
87%
Africa (1) Ethan
86%
Heroes vs Villains (3) | Micronesia (1) Parvati
86%
Borneo (1) Richard
86%
China (2) | Micronesia (2) Amanda
85%
David vs. Goliath (1) Dan
85%
Pearl Islands (1) Rupert
85%
Heroes vs Villains (2) | Samoa (1) Russell
85%
South Pacific (1) | Tocantins (1) Coach
84%
Samoa (1) Mick
84%
Winners at War (4) Tony
84%
Gabon (3) Bob
83%
Caramoan (1) | China (1) | Micronesia (3) Erik
83%
Cambodia (4) | Survivor 48 (4) | Worlds Apart (2) Joe
83%
Redemption Island (1) | San Juan del Sur (1) | Winners at War (1) Natalie
83%
Blood vs Water (2) | Tocantins (2) Tyson
83%
All Stars (1) Amber
82%
Island of the Idols (2) Dean
82%
Tocantins (3) JT
82%
Tocantins (1) Stephen
82%
Cambodia (1) | San Juan del Sur (3) | The Australian Outback (2) Keith
81%
Thailand (3) Brian
80%
Guatemala (2) Danni
80%
Philippines (1) | Winners at War (2) Denise
80%
Africa (3) Lex
80%
Survivor 46 (1) Ben
79%
South Pacific (3) Sophie
79%
Cook Islands (1) | Millennials vs. Gen X (1) Adam
78%
Panama (1) Aras
78%
Heroes vs Villains (1) Jerri
78%
Cagayan (1) Kass
78%
Gabon (1) | Millennials vs. Gen X (4) Ken
78%
David vs. Goliath (1) | Survivor 42 (1) | Worlds Apart (5) Mike
78%
David vs. Goliath (3) | Koah Rong (1) | The Australian Outback (1) | Winners at War (1) Nick
78%
Marquesas (2) Vecepia
78%
Koah Rong (2) | Winners at War (2) Michele
77%
Survivor 41 (1) Danny
76%
Cagayan (3) | Cambodia (3) Spencer
76%
China (1) Courtney
75%
Nicaragua (4) Fabio
75%
Cambodia (1) | San Juan del Sur (1) | Winners at War (1) Jeremy
75%
Borneo (1) Rudy
75%
Survivor 47 (1) Sue
75%
Panama (5) Terry
75%
Ghost Island (2) Wendell
75%
Cagayan (2) Woo
75%
Blood vs Water (1) | Borneo (1) Gervase
73%
Cagayan (3) Tasha
73%
Game Changers (5) Brad
72%
Philippines (2) Malcolm
72%
Survivor 45 (3) Dee
71%
Survivor 47 (4) | Survivor 48 (2) Kyle
71%
Caramoan (3) Cochran
70%
Game Changers (1) Aubry
69%
Heroes vs Healers vs Hustlers (4) Chrissy
69%
Fiji (1) Dreamz
69%
Vanuatu (1) Eliza
69%
Game Changers (1) | Koah Rong (1) Tai
69%
Fiji (2) Yau-Man
69%
Millennials vs. Gen X (2) | Survivor 48 (1) David
68%
Philippines (1) | Survivor 42 (2) Jonathan
68%
Blood vs Water (3) Monica
68%
Cambodia (2) Kelley
67%
Survivor 47 (4) Rachel
67%
Edge of Extinction (4) Rick
67%
David vs. Goliath (1) Christian
66%
Heroes vs Villains (1) | Panama (1) Danielle
66%
Survivor 44 (1) Heidi
66%
Survivor 46 (2) Charlie
65%
Palau (2) Ian
65%
Game Changers (1) | One World (2) Troyzan
65%
Borneo (1) Greg
64%
All Stars (1) | Marquesas (2) Kathy
64%
Pearl Islands (2) Burton
63%
Caramoan (1) | Game Changers (2) | Redemption Island (1) Andrea
62%
Caramoan (1) | Nicaragua (1) Brenda
62%
Caramoan (1) | South Pacific (1) Dawn
62%
Edge of Extinction (2) Julie
62%
Heroes vs Healers vs Hustlers (1) | Island of the Idols (1) | Survivor 44 (2) Lauren
62%
Pearl Islands (1) Lill
62%
Philippines (2) Michael
62%
Guatemala (1) Stephenie
62%
Koah Rong (1) | Micronesia (1) Jason
61%
Worlds Apart (2) Carolyn
60%
South Pacific (1) | Survivor 44 (1) Brandon
59%
Heroes vs Villains (1) Candice
59%
Thailand (1) Clay
59%
Survivor 41 (2) Erika
59%
Survivor 48 (2) Kamilla
59%
Survivor 46 (2) Kenzie
59%
Samoa (2) Laura
59%
Guatemala (3) Rafe
59%
All Stars (1) Shii-Ann
59%
Survivor 44 (1) Yam Yam
59%
Vanuatu (1) Twila
58%
Vanuatu (2) Ami
57%
Samoa (3) Brett
57%
Ghost Island (3) Domenick
57%
The Amazon (2) Matthew
57%
Marquesas (1) Neleh
57%
Blood vs Water (1) Ciera
56%
Island of the Idols (1) Missy
56%
Survivor 45 (2) Austin
55%
Survivor 46 (3) Maria
55%
San Juan del Sur (1) Baylor
54%
Survivor 44 (2) Carson
54%
Survivor 48 (1) Eva
54%
Survivor 43 (1) Gabler
54%
San Juan del Sur (1) Jaclyn
54%
Pearl Islands (3) Darrah
53%
South Pacific (1) Albert
52%
One World (1) Alicia
52%
Edge of Extinction (2) Gavin
52%
Survivor 47 (1) Genevieve
52%
Nicaragua (2) Jane
52%
Survivor 41 (3) Ricard
52%
Blood vs Water (1) Vytas
52%
Millennials vs. Gen X (2) | One World (1) Jay
51%
Gabon (2) Susie
51%
David vs. Goliath (1) Alec
50%
Heroes vs Healers vs Hustlers (2) | Redemption Island (2) Ashley
50%
Survivor 43 (3) Owen
50%
Nicaragua (2) Sash
50%
Survivor 41 (2) Xander
50%
Tocantins (1) Debbie
49%
China (2) Peih-Gee
49%
Philippines (1) Abi-Maria
48%
Survivor 43 (3) Cassidy
48%
Ghost Island (2) | One World (1) Chelsea
48%
Koah Rong (1) Cydney
48%
Island of the Idols (3) Noura
48%
San Juan del Sur (1) Reed
48%
Survivor 43 (1) Cody
46%
David vs. Goliath (1) Davie
46%
Survivor 45 (1) Drew
46%
Blood vs Water (1) Katie
46%
Ghost Island (1) Laurel
46%
David vs. Goliath (1) Kara
45%
Caramoan (1) Reynold
45%
Africa (1) Teresa
45%
Survivor 43 (2) Karla
44%
Survivor 42 (1) Romeo
44%
Survivor 46 (1) Hunter
43%
Koah Rong (1) Julia
43%
Fiji (2) Boo
42%
Philippines (2) Carter
42%
Millennials vs. Gen X (1) Will
42%
Survivor 45 (2) Bruce
41%
Thailand (1) Helen
41%
China (1) Frosti
40%
Nicaragua (1) Holly
40%
Samoa (2) Jaison
40%
South Pacific (1) Jim
40%
Guatemala (1) Jamie
38%
South Pacific (1) Whitney
38%
David vs. Goliath (1) Alison
36%
Thailand (1) Ted
36%
Survivor 47 (1) Gabe
35%
Guatemala (1) Gary
35%
Heroes vs Healers vs Hustlers (1) Cole
34%
Survivor 44 (2) Frannie
34%
Redemption Island (2) Grant
34%
Survivor 42 (2) Lindsay
34%
Edge of Extinction (2) Aurora
33%
Gabon (1) Marcus
32%
Worlds Apart (1) Tyler
32%
Ghost Island (1) Angela
31%
Island of the Idols (1) Elaine
31%
Survivor 42 (1) Hai
31%
Fiji (1) Stacy
31%
Marquesas (2) Tammy
31%
Survivor 42 (2) Tori
31%
The Amazon (1) Deena
29%
Heroes vs Healers vs Hustlers (1) Desi
29%
Survivor 41 (1) Evvie
29%
Vanuatu (1) Sarge
27%
Island of the Idols (2) Aaron
25%
Ghost Island (1) Kellyn
22%
Nicaragua (1) Jill
17%
No matching quizzes found
Score Distribution
Percent of People with Each Score
Percentile by Number Answered
Your Score History
You have not taken this quiz since the last reset